La leyenda del pincel Indio / (Record no. 17548)

MARC details
000 -LEADER
fixed length control field 00912nam a2200289Ka 4500
001 - CONTROL NUMBER
control field 429400295
003 - CONTROL NUMBER IDENTIFIER
control field OCoLC
005 - DATE AND TIME OF LATEST TRANSACTION
control field 20170613143424.0
008 - FIXED-LENGTH DATA ELEMENTS--GENERAL INFORMATION
fixed length control field 990310s1993 nyua j 000 0 spa d
020 ## - INTERNATIONAL STANDARD BOOK NUMBER
International Standard Book Number 0590486748 (pbk.)
040 ## - CATALOGING SOURCE
Original cataloging agency YOL
Language of cataloging eng
Transcribing agency YOL
041 ## - LANGUAGE CODE
Language code of text/sound track or separate title spa
092 ## - LOCALLY ASSIGNED DEWEY CALL NUMBER (OCLC)
Classification number SP E DEP
092 ## - LOCALLY ASSIGNED DEWEY CALL NUMBER (OCLC)
Classification number SP E DEP
100 1# - MAIN ENTRY--PERSONAL NAME
Personal name DePaola, Tomie,
Dates associated with a name 1934-
245 13 - TITLE STATEMENT
Title La leyenda del pincel Indio /
Statement of responsibility, etc. recontado e ilustrado por Tomie dePaola.
246 ## - VARYING FORM OF TITLE
Title proper/short title La leyenda del pincel Indio
260 ## - PUBLICATION, DISTRIBUTION, ETC. (IMPRINT)
Place of publication, distribution, etc. New York :
Name of publisher, distributor, etc. Scholastic,
Date of publication, distribution, etc. c1993.
300 ## - PHYSICAL DESCRIPTION
Extent 36 unnumbered pages :
Other physical details color illustrations ;
Dimensions 26 cm.
336 ## - CONTENT TYPE
Content type term text
Content type code txt
Source rdacontent.
337 ## - MEDIA TYPE
Media type term unmediated
Media type code n
Source rdamedia.
338 ## - CARRIER TYPE
Carrier type term volume
Carrier type code nc
Source rdacarrier.
500 ## - GENERAL NOTE
General note Translation of The legend of Indian paintbrush.
650 #0 - SUBJECT ADDED ENTRY--TOPICAL TERM
Topical term or geographic name as entry element Indians of North America
Geographic subdivision Great Plains
Form subdivision Folklore.
650 #1 - SUBJECT ADDED ENTRY--TOPICAL TERM
Topical term or geographic name as entry element Spanish language materials.
942 ## - ADDED ENTRY ELEMENTS (KOHA)
Koha item type Libro/Book
Holdings
Withdrawn status Lost status Source of classification or shelving scheme Damaged status Not for loan Home library Current library Date acquired Total Checkouts Barcode Date last seen Date checked out Price effective from Koha item type
    Dewey Decimal Classification     Sevadilla -- Satellite Sevadilla -- Satellite 13/06/2017 1 35400837 25/05/2021 07/05/2021 13/06/2017 Libro/Book

Powered by Koha